|
|
|
|
| LEADER |
00998nam a2200229 a 4500 |
| 001 |
c000014511 |
| 003 |
CARM |
| 005 |
00000000000000.0 |
| 008 |
s1965 enk b 00010 eng d |
| 019 |
1 |
|
|a 6451842
|z 28009026
|5 LACONCORD2021
|
| 035 |
|
|
|a (OCoLC)9174019
|5 LACONCORD2021
|
| 040 |
|
|
|a VU
|c VU
|
| 110 |
2 |
0 |
|a Supervisory Committee of the Warblington Experiment.
|
| 245 |
1 |
4 |
|a The Warblington experiment in closed-circuit television :
|b the final report /
|c Supervisory Committee of the Warblington Experiment.
|
| 260 |
|
|
|a Winchester, Hants. :
|b The Supervisory Committee of the Warblington Experiment,
|c 1965.
|
| 300 |
|
|
|a 115 p.
|
| 504 |
|
|
|a Includes bibliographical references (p. 114-115)
|
| 650 |
|
0 |
|a Television in education.
|
| 852 |
8 |
|
|b CARM
|h A2:AD28B0
|i B00607
|p 0027445
|f BK
|
| 082 |
0 |
4 |
|a 791.45
|2 20
|
| 999 |
f |
f |
|i eb579128-42cd-514f-bfba-17df28b22461
|s fbadbc43-b153-5b4c-81d1-6d9499d688ff
|
| 952 |
f |
f |
|p Can circulate
|a CAVAL
|b CAVAL
|c CAVAL
|d CARM 1 Store
|e B00607
|f A2:AD28B0
|h Other scheme
|i book
|m 0027445
|